000 00459nam a2200169 i 4500
001 94582
003 ES-MaACL
005 20230906181520.0
007 t|
008 050509s1962 sp ||||1| spa d
100 1 _aLoup, Robert.
_974323
245 1 0 _aMártir en el Tibet /
_cRobert Loup.
260 _aBarcelona :
_bJuventud,
_c1962.
300 _a215 p., 8 lám. ;
_c19 cm.
650 4 _aMisiones-
_zTíbet.
_9158292
852 _aES-MaACL
_jC-21672
_bR.50087
999 _c94582
_d94582